Определение параметров нанодисперсного углерода при плазмохимическом разделении изотопов; Политематический сетевой электронный научный журнал Кубанского государственного аграрного университета (Научный журнал КубГАУ); № 70 (06)
| Parent link: | Политематический сетевой электронный научный журнал Кубанского государственного аграрного университета (Научный журнал КубГАУ)/ Кубанский государственный аграрный университет.— , 2003- № 70 (06).— 2011.— [С. 274-296] |
|---|---|
| Andre forfattere: | , , , |
| Summary: | Заглавие с титульного листа Рассмотрены технологические аппараты и методы улавливания пыли, а также приборы и методы контроля параметров гетерогенных систем. Разработан и апробирован счетчик дисперсных частиц. Показано, что счетчик частиц позволяет регистрировать наличие дисперсной фазы при массовой концентрации более 3 10-14 г/м3 и оценивать размеры пылинок. Режим доступа: по договору с организацией-держателем ресурса |
| Sprog: | russisk |
| Udgivet: |
2011
|
| Fag: | |
| Online adgang: | http://ej.kubagro.ru/2011/06/pdf/54.pdf http://elibrary.ru/item.asp?id=16446962 |
| Format: | MixedMaterials Electronisk Book Chapter |
| KOHA link: | https://koha.lib.tpu.ru/cgi-bin/koha/opac-detail.pl?biblionumber=636905 |
MARC
| LEADER | 00000nla0a2200000 4500 | ||
|---|---|---|---|
| 001 | 636905 | ||
| 005 | 20250408100127.0 | ||
| 035 | |a (RuTPU)RU\TPU\network\969 | ||
| 035 | |a RU\TPU\network\966 | ||
| 090 | |a 636905 | ||
| 100 | |a 20140414d2011 k||y0rusy50 ca | ||
| 101 | 0 | |a rus | |
| 102 | |a RU | ||
| 135 | |a drgn ---uucaa | ||
| 181 | 0 | |a i | |
| 182 | 0 | |a b | |
| 200 | 1 | |a Определение параметров нанодисперсного углерода при плазмохимическом разделении изотопов |f В. Ф. Мышкин [и др.] | |
| 203 | |a Текст |c электронный | ||
| 300 | |a Заглавие с титульного листа | ||
| 320 | |a [Библиогр.: с. 296 (46 назв.)] | ||
| 330 | |a Рассмотрены технологические аппараты и методы улавливания пыли, а также приборы и методы контроля параметров гетерогенных систем. Разработан и апробирован счетчик дисперсных частиц. Показано, что счетчик частиц позволяет регистрировать наличие дисперсной фазы при массовой концентрации более 3 10-14 г/м3 и оценивать размеры пылинок. | ||
| 333 | |a Режим доступа: по договору с организацией-держателем ресурса | ||
| 337 | |a Adobe Reader | ||
| 461 | |t Политематический сетевой электронный научный журнал Кубанского государственного аграрного университета (Научный журнал КубГАУ) |f Кубанский государственный аграрный университет |d 2003- | ||
| 463 | |t № 70 (06) |v [С. 274-296] |d 2011 | ||
| 610 | 1 | |a труды учёных ТПУ | |
| 610 | 1 | |a электронный ресурс | |
| 610 | 1 | |a низкотемпературная плазма | |
| 610 | 1 | |a сажа | |
| 610 | 1 | |a пыль | |
| 610 | 1 | |a очистка | |
| 610 | 1 | |a дисперсные частицы | |
| 610 | 1 | |a дисперсность | |
| 610 | 1 | |a лазеры | |
| 610 | 1 | |a фотоны | |
| 610 | 1 | |a счетчики | |
| 610 | 1 | |a нанодисперсные вещества | |
| 610 | 1 | |a углерод | |
| 610 | 1 | |a изотопы | |
| 610 | 1 | |a разделение | |
| 701 | 1 | |a Мышкин |b В. Ф. |c физик |c профессор Томского политехнического университета, доктор физико-математических наук |f 1962- |g Вячеслав Фёдорович |3 (RuTPU)RU\TPU\pers\26858 |9 12476 | |
| 701 | 1 | |a Хан |b В. А. |c физик |c доцент Томского политехнического университета, доктор технических наук |f 1952- |g Валерий Алексеевич |3 (RuTPU)RU\TPU\pers\31144 |9 15340 | |
| 701 | 1 | |a Ижойкин |b Д. А. |c физик |c инженер-исследователь Томского политехнического университета |f 1987- |g Дмитрий Александрович |3 (RuTPU)RU\TPU\pers\30108 |9 14515 | |
| 701 | 1 | |a Гамов |b Д. Л. |g Денис Леонидович | |
| 801 | 2 | |a RU |b 63413507 |c 20160512 |g RCR | |
| 856 | 4 | |u http://ej.kubagro.ru/2011/06/pdf/54.pdf | |
| 856 | 4 | |u http://elibrary.ru/item.asp?id=16446962 | |
| 942 | |c CF | ||